000 00907nam a2200253Ia 4500
003 OSt
005 20220923212616.0
006 a|||||r|||| 00| 0
007 ta
008 220922b |||||||| |||| 00| 0 hin d
024 _a154,510
037 _cTextual
040 _aARTS
_cARTS
_bhin
041 _2hin
_ahin
082 _aO152,6xN, L6
100 _aमिश्र, भगवत स्वरूप, संपा.
_9160723
245 0 _aविविधा संस्करण
246 _aVividhā sanskaraṇa
260 _aदिल्ली
_b दि मैकमिलन कम्पनी आफ इंडिया लिमिटेड
_c1976
300 _a119 पृ.
_ccm.
650 _aहिन्दी साहित्य
_9156264
942 _hO152,6xN, L6
_cTEXL
_2CC
999 _c310132
_d310132